00766nam a2200229Ia 450000500170000000800410001702000270005804000190008504100120010408200150011610000180013124501030014926000380025230000140029044000350030450400500033963000480038965000410043765100170047870000310049585000100052620230613085503.0131103s9999 xx 000 0 und d a033341713 5c13.99 pds aLoreto College aEnglish a940.5bPAR aParker,R.A.C. aChamberlain and appeasementb British policy and the coming of the second world war cR.A.C.Parker aNew YorkbSt.Martin's Pressc1993 av,388 p.  aThe Making of the 20th century aIncludes bibliographical references and index aGreat Britain - Modern History,20th century aEurope - Modern History,20th Century aWorld War II aWarner,Geoffrey,series ed. aLCLIB